El hombre en sus pasiones y en su ordenación hacia el último fin según el Infante Don Juan Manuel en el libro del "Conde Lucanor" (Record no. 32328)

MARC details
000 -LEADER
campo de control de longitud fija 00868nam a2200193 i 4500
001 - NÚMERO DE CONTROL
campo de control 32328
003 - IDENTIFICADOR DE NÚMERO DE CONTROL
campo de control ES-MaACL
005 - FECHA Y HORA DE LA ÚLTIMA TRANSACCIÓN
campo de control 20230906154544.0
007 - CAMPO FIJO DE DESCRIPCIÓN FÍSICA--INFORMACIÓN GENERAL
campo de control de longitud fija t|
008 - DATOS DE LONGITUD FIJA--INFORMACIÓN GENERAL
campo de control de longitud fija 030131s1948 sp ||||1| spa d
100 1# - ENTRADA PRINCIPAL--NOMBRE DE PERSONA
Nombre de persona Benito y Durán, Angel.
9 (RLIN) 27697
245 13 - MENCIÓN DEL TÍTULO
Título El hombre en sus pasiones y en su ordenación hacia el último fin según el Infante Don Juan Manuel en el libro del "Conde Lucanor"
Resto del título : discurso leído en la apertura del curso académico 1948-49 en el Instituto NAcional de Enseñanza Media "Maestro Juan de Avila" /
Mención de responsabilidad, etc. Angel Benito y Durán.
260 ## - PUBLICACIÓN, DISTRIBUCIÓN, ETC.
Lugar de publicación, distribución, etc. Ciudad Real :
Nombre del editor, distribuidor, etc. [s.n.,
Fecha de publicación, distribución, etc. 1948] (
Fabricante Imprenta Provincial)
300 ## - DESCRIPCIÓN FÍSICA
Extensión 63 p. ;
Dimensiones 21 cm.
490 1# - MENCIÓN DE SERIE
Mención de serie Publicaciones del Instituto de Estudios Manchegos
830 0# - PUNTO DE ACCESO ADICIONAL DE SERIE-TÍTULO UNIFORME
Título uniforme Publicaciones del Instituto de Estudios Manchegos
9 (RLIN) 229410
852 ## - LOCALIZACIÓN
Ubicación ES-MaACL
Número de control de estantería 1499-F-18
Sublocalización o colección R.26234
Holdings
Estatus retirado Estado de pérdida Estado de daño No para préstamo Colección Biblioteca de origen Biblioteca actual Ubicación en estantería Fecha de adquisición Fuente de adquisición Total de préstamos Signatura topográfica completa Código de barras Visto por última vez Precio de reemplazo Tipo de ítem Koha
        Colección de folletos Biblioteca del Ateneo de Madrid Biblioteca del Ateneo de Madrid Depósito folletos 17/01/2008     1499-F-18 1033483 23/02/2023 23/02/2023 Folleto